| 000 | 00815cam a2200265 4500 | ||
|---|---|---|---|
| 001 | M93653 | ||
| 008 | 090401t1998 xxu||||| |||| 00| 0 eng d | ||
| 035 | _a(Sirsi) u88236 | ||
| 041 | _aeng | ||
| 050 | _a692.9 | ||
| 100 | _aFranks, J. | ||
| 245 | _aSub-contract conditions associated with the JCT intermediate form of building contract - a view from the sub-contractor: 2. | ||
| 260 |
_aAscot,Berks. _bCIOB _c1998 |
||
| 300 | _a8p. ; 30cm. | ||
| 350 | _a0 | ||
| 490 |
_aConstruction Papers _v85 |
||
| 650 | _aBUILT ENVIRONMENT-BUILDING CONTRACT FORMS | ||
| 650 | _aIFC84 | ||
| 650 | _aINTERMEDIATE FORM OF BUILDING CONTRACT | ||
| 650 | _aSUBCONTRACTS | ||
| 690 | _aBUILT ENVIRONMENT-BUILDING CONTRACT FORMS | ||
| 710 |
_aChartered Institute of Building _92134 |
||
| 942 | _n0 | ||
| 948 | _c02/09/1998 | ||
| 999 |
_c97301 _d97301 |
||